000 00320nam a22001457a 4500
008 230419b ||||| |||| 00| 0 eng d
020 _a9780446512516
041 _aeng
080 _a37
082 _a37NAI
100 _a23
101 _aEDUK
245 _aMEGATRENDS TEN NEW DIRECTION
_cNAISBITT.J
942 _2udc
_cBK
999 _c59606
_d59606